| 000 | 00813nam a2200205 a 4500 | ||
|---|---|---|---|
| 999 |
_c6309 _d6309 |
||
| 001 | 6309 | ||
| 003 | BD-JhCC | ||
| 005 | 20180121101626.0 | ||
| 008 | 180121s2003 bg |||| ||a| 000 0 ben d | ||
| 035 | _a(BD-JhCC)6309 | ||
| 040 |
_aBD-JhCC _dBD-JhCC |
||
| 041 | _aben | ||
| 082 |
_a297 _bJAH 2003 |
||
| 100 | _aজাহাঙ্গীর, খোন্দকার আব্দুল্লাহ | ||
| 245 |
_aবাংলাদেশের উশরা বা ফসলের যাকাত গুরুত্ব ও প্রয়োগ / _cখোন্দকার আব্দুল্লাহ জাহাঙ্গীর |
||
| 260 |
_aঝিনাইদহ : _bআস-সুন্নাহ পাবলিকেশন্স, _c2003. |
||
| 300 |
_a239 p. : _c22 cm. |
||
| 942 |
_2ddc _cBK |
||